Zgadnij polskiego sportowca po opisie 2 - Statystyki

Ogólne statystyki
  • Ten quiz został rozwiązany 209 razy
  • Średni wynik to 6 z 7
Statystyki odpowiedzi
Opis Sportowiec % Poprawnych
młoda tenisistka,zwyciężczyni French Open w roku 2020 Iga Świątek
97%
Bramkarz Juventusu Turyn Wojciech Szczęsny
95%
siatkarz,mistrz świata z 2018, MVP MŚ2018 Bartosz Kurek
90%
4-krotny medalista IO,39 zwycięstw w zawodach Pucharu Świata Adam Małysz
81%
Piłkarz,komentator,uczestnik afery związanej z potrąceniem starszej kobiety autem Tomasz Hajto
71%
kolarz,brązowy medalista IO w 2016r.,od 2021 roku członek drużyny UAE Team Emirates Rafał Majka
70%
Młody piłkarz,jego transfer z Lecha Poznań w 2020 roku pobił ekord finansowy Ekstraklasy Jakub Moder
58%
Nie znaleziono quizów pasujących do podanych kryteriów
Rozkład punktacji
Procent ludzi z każdym wynikiem
Percentyl według liczby udzielonych odpowiedzi
Twoja historia wyników
Nie rozwiązałeś tego quizu